| 000 | 01460nam a2200337 i 4500 | ||
|---|---|---|---|
| 001 | 768714001 | ||
| 003 | CO-MdFUSB | ||
| 005 | 20240227125903.0 | ||
| 007 | ta | ||
| 008 | 180901t1996 xxk||||| |||| 00| 0 eng d | ||
| 020 | _a0851107826 | ||
| 040 |
_aCO-MdFUSB _bspa _cCO-MdFUSB _dCO-MdFUSBC _erda |
||
| 041 | _aeng | ||
| 082 |
_223 _a227.9407 _bJ12 |
||
| 100 |
_aJackman, David _dautor |
||
| 245 | 1 | 4 |
_aThe message of John's letters _b: living in the love of God _c/ David Jackman ; editado por John R. W. Stott |
| 264 | 1 |
_aLeicester, Inglaterra : _bIntervarsity Press, _c[1988] |
|
| 264 | 4 | _c©1988 | |
| 300 |
_a202 páginas ; _c21 cm |
||
| 336 |
_2rdacontent _atexto _btxt |
||
| 337 |
_2rdamedia _asin mediación _bn |
||
| 338 |
_2rdacarrier _avolumen _bnc |
||
| 490 | _aThe Bible Speaks Today | ||
| 505 | _aIntroducción -- El prólogo (1Jn 1:1-4) -- Caminando a la luz de Dios (1Jn 1:5-7) -- Tratamiento radical para el pecado (1Jn 1:8-10) --Marcas de la realidad cristiana (1Jn 1:1-6) -- Como brilla la luz verdadera (1Jn 2:7-14) -- ¿Que pasa con el mundo? (1Jn 2:15-17) -- Realismo acerca del enemigo (1Jn 1:1-6) -- Permanecer en el rumbo cristiano (1Jn 2:24-29) -- Viviendo en la familia de Dios (1Jn 3:1-6) -- Sé como tu eres (1Jn 3:7-10). | ||
| 563 | _aTapa rústica | ||
| 630 | 7 |
_aBiblia. _pJuan, 1ª _xCrítica, interpretación, etc. |
|
| 700 |
_aStott, John RW _eeditor |
||
| 942 | _cBK | ||
| 945 | _aJTF-925 | ||
| 999 |
_c64476 _d64476 |
||